00784nam a2200253 a 4500001001300000003000900013005001700022008004100039020000800080082001500088100002900103245002200132260004100154300000900195500003500204505002800239650002000267700002900287902000800316942000700324952009300331952009300424999001300517nice12345678IN_TiNIC20260116011349.0050524s1307 luca grp 000 0 eng  ac000a297.2bTUS aTusi, Abu Jafar Mohammad aKitab Al-Istabsar aLucknowbGulzar-E-syedi Press c1307 a170p aincludes index and biblioraphy2 afour parts in two vols. aIslam-Doctrines1 aTusi, Abu Jafar Mohammad bRBA cBK 00104070aHMIbHMId0000-00-00g0.00l0o297.2 TUSp04306r0000-00-00w2026-01-16yEB 00104070aHMIbHMId0000-00-00g0.00l0o297.2 TUSp04307r0000-00-00w2026-01-16yEB c873d873